Statistics for U.S. States by a Single Clue #3

Click here to take the quiz!

General Stats

  • This quiz has been taken 79 times
  • The average score is 11 of 15

Answer Stats

Hint State % Correct
Sweet Home .... Alabama
95%
If you go skiing in Aspen, which state are you traveling into?Colorado
93%
Mount Rushmore's stateSouth Dakota
88%
The two biggest cities in this state start with PPennsylvania
87%
A 'Tea Party' took place here in 1773Massachusetts
83%
State which is most associated with Jack Daniel'sTennessee
82%
Its biggest city is commonly known as ABQNew Mexico
80%
Land of LincolnIllinois
78%
Gateway Arch locationMissouri
78%
Gambling city BiloxiMississippi
68%
Land of 10,000 LakesMinnesota
68%
Named after Baron De La WarrDelaware
65%
Camp David is located in this stateMaryland
57%
Research TriangleNorth Carolina
50%
Brigham YoungUtah
50%

Score Distribution

Percentile by Number Answered

Percent of People with Each Score

Your Score History

You have not taken this quiz